Building society survey work. Talk .. given on 21st March 1973 at the Eastgate Hotel, Lincoln, to the Lincolnshire Branch of the RICS, by Colin Webb (Record no. 87811)

MARC details
000 -LEADER
fixed length control field 00568cam a2200181 4500
001 - CONTROL NUMBER
control field D15123
008 - FIXED-LENGTH DATA ELEMENTS--GENERAL INFORMATION
fixed length control field 090401t xxu||||| |||| 00| 0 eng d
035 ## - SYSTEM CONTROL NUMBER
System control number (Sirsi) u20378
041 ## - LANGUAGE CODE
Language code of text/sound track or separate title eng
050 ## - LIBRARY OF CONGRESS CALL NUMBER
Classification number 333.3321
110 ## - MAIN ENTRY--CORPORATE NAME
Corporate name or jurisdiction name as entry element Royal Institution of Chartered Surveyors
Subordinate unit Lincolnshire Branch
9 (RLIN) 837
245 ## - TITLE STATEMENT
Title Building society survey work. Talk .. given on 21st March 1973 at the Eastgate Hotel, Lincoln, to the Lincolnshire Branch of the RICS, by Colin Webb
300 ## - PHYSICAL DESCRIPTION
Extent 15p
350 ## - PRICE (NR) (BK AM CF MU VM SE) [OBSOLETE]
Price 0
520 ## - SUMMARY, ETC.
Summary, etc. Filed in Box 1973/50A
942 ## - ADDED ENTRY ELEMENTS (KOHA)
Suppress in OPAC 0
948 ## - LOCAL PROCESSING INFORMATION (OCLC); SERIES PART DESIGNATOR (RLIN)
c (OCLC) 04/03/1997
Holdings
Withdrawn status Lost status Source of classification or shelving scheme Damaged status Not for loan Home library Current library Shelving location Date acquired Total Checkouts Full call number Barcode Date last seen Copy number Price effective from Koha item type
    Other/Generic Classification Scheme     London London RICS Boxes 14/09/1999   RICS 1973/50 30010779 06/08/2019 1 06/08/2019 Reference material